Syntax and parsing (Record no. 622894)

MARC details
000 -LEADER
fixed length control field 00468nam a22001817a 4500
008 - FIXED-LENGTH DATA ELEMENTS--GENERAL INFORMATION
fixed length control field 260509b |||||||| |||| 00| 0 eng d
020 ## - INTERNATIONAL STANDARD BOOK NUMBER
ISBN 9780521452823
Paper back/Hardbound hbk
041 ## - LANGUAGE CODE
Language code of text/sound track or separate title eng
082 ## - DEWEY DECIMAL CLASSIFICATION NUMBER
Classification number 415 GOR
100 ## - MAIN ENTRY--AUTHOR NAME
Personal name Gorrell, Paul
245 ## - TITLE STATEMENT
Title Syntax and parsing
260 ## - PUBLICATION, DISTRIBUTION, ETC. (IMPRINT)
Place of publication The United States of America
Name of publisher Cambridge Univesity Press
Year of publication 1995
300 ## - PHYSICAL DESCRIPTION
Number of Pages 180p. :
Dimensions 25cm
504 ## - BIBLIOGRAPHY, ETC. NOTE
Bibliography, etc Includes bibliographies and index
650 ## - SUBJECT ADDED ENTRY--TOPICAL TERM
Topical Term Grammar
942 ## - ADDED ENTRY ELEMENTS (KOHA)
Koha item type English Books
Holdings
Withdrawn status Lost status Damaged status Not for loan Home library Current library Shelving location Date acquired Full call number Accession Number Price effective from Koha item type
        Anna Centenary Library Anna Centenary Library 4TH FLOOR, B WING 18.08.2010 415 GOR 283601 09.05.2026 English Books

Find us on the map